<?xml version="1.0" encoding="UTF-8"?>
<collection xmlns="http://www.loc.gov/MARC21/slim">
<record>
  <controlfield tag="001">2003</controlfield>
  <controlfield tag="005">20160701171657.0</controlfield>
  <datafield tag="024" ind1="7" ind2=" ">
    <subfield code="a">10.1111/j.1365-2966.2007.11955.x</subfield>
    <subfield code="2">DOI</subfield>
  </datafield>
  <datafield tag="037" ind1=" " ind2=" ">
    <subfield code="a">ASTROimport-160</subfield>
  </datafield>
  <datafield tag="100" ind1=" " ind2=" ">
    <subfield code="a">Hensberge, H.</subfield>
  </datafield>
  <datafield tag="260" ind1=" " ind2=" ">
    <subfield code="c">2007</subfield>
  </datafield>
  <datafield tag="245" ind1=" " ind2=" ">
    <subfield code="a">The eclipsing double-lined binaries V883Cen and η Mus</subfield>
  </datafield>
  <datafield tag="520" ind1=" " ind2=" ">
    <subfield code="a">We derive the orbital period and monitor in detail the eclipses of two deep-southern double-lined eclipsing binaries of considerable interest. We present new uvby photometry over more than 100 nights for V883Cen, scan for the first time the eclipses of η Mus and analyse the data for these two systems together with earlier published photometry. We also add information from high-dispersion spectra. V883Cen consists of two sharp-lined, mid-B-type stars in an orbit of 35.44733 d. The slower rotating component, Prot = 55.215 d, is a chemically peculiar star of the type He-weak SrTi that is partially eclipsed by its slightly more massive companion. Owing to the high eccentricity of the orbit and its orientation, only one eclipse occurs. The orbital period of η Mus is 57.5 h, rather than the 20 d quoted up to the present in the literature. That close binary, consisting of two late-B-type stars, shows identical partial eclipses. Interest in the close binary is triggered by the pre-main-sequence companion at 2.7 arcsec. HD118978, one of the comparison stars used for V883Cen, is identified as a new variable. This fast-rotating B9 (sub)giant belongs presumably to the class of slowly pulsating B-type stars. Based on observations obtained at the European Southern Observatory (ESO), La Silla, Chile, and at the South African Astronomical Observatory (SAAO), Sutherland, South Africa. E-mail: herman@oma.be  ‡ Research Director, Belgian Fund for Scientific Research (FWO). </subfield>
  </datafield>
  <datafield tag="700" ind1=" " ind2=" ">
    <subfield code="a"> Nitschelm, C.</subfield>
  </datafield>
  <datafield tag="700" ind1=" " ind2=" ">
    <subfield code="a"> Olsen, E. H.</subfield>
  </datafield>
  <datafield tag="700" ind1=" " ind2=" ">
    <subfield code="a"> Sterken, C.</subfield>
  </datafield>
  <datafield tag="700" ind1=" " ind2=" ">
    <subfield code="a"> David, M.</subfield>
  </datafield>
  <datafield tag="700" ind1=" " ind2=" ">
    <subfield code="a"> Freyhammer, L. M.</subfield>
  </datafield>
  <datafield tag="700" ind1=" " ind2=" ">
    <subfield code="a"> Landin, N. R.</subfield>
  </datafield>
  <datafield tag="700" ind1=" " ind2=" ">
    <subfield code="a"> Bouzid, M. Y.</subfield>
  </datafield>
  <datafield tag="700" ind1=" " ind2=" ">
    <subfield code="a"> Papadaki, C.</subfield>
  </datafield>
  <datafield tag="700" ind1=" " ind2=" ">
    <subfield code="a"> Pritchard, J. D.</subfield>
  </datafield>
  <datafield tag="700" ind1=" " ind2=" ">
    <subfield code="a"> Clausen, J. V.</subfield>
  </datafield>
  <datafield tag="700" ind1=" " ind2=" ">
    <subfield code="a"> Vaz, L. P. R.</subfield>
  </datafield>
  <datafield tag="773" ind1=" " ind2=" ">
    <subfield code="p">Monthly Notices of the Royal Astronomical Society</subfield>
    <subfield code="v">379</subfield>
    <subfield code="i">1</subfield>
    <subfield code="y">2007</subfield>
    <subfield code="c">349-356</subfield>
  </datafield>
  <datafield tag="856" ind1="4" ind2="2">
    <subfield code="a">http://esoads.eso.org/abs/2007MNRAS.379..349H</subfield>
  </datafield>
  <datafield tag="905" ind1=" " ind2=" ">
    <subfield code="a">published in</subfield>
  </datafield>
  <datafield tag="980" ind1=" " ind2=" ">
    <subfield code="a">REFERD</subfield>
  </datafield>
</record>
</collection>